Vista normal
Vista MARC
Entrada Meeting Name
Número de registros utilizados en: 1
001 - CONTROL NUMBER
- control field: 65435
003 - CONTROL NUMBER IDENTIFIER
- control field: OSt
005 - DATE AND TIME OF LATEST TRANSACTION
- control field: 20251007224113.0
008 - FIXED-LENGTH DATA ELEMENTS
- fixed length control field: 251007|| aca||aabn | a|a d
040 ## - CATALOGING SOURCE
- Original cataloging agency: OSt
- Transcribing agency: OSt
111 ## - HEADING--MEETING NAME
- Meeting name or jurisdiction name as entry element: Torneo Internacional del Joropo Miguel Ángel Martín
- Number of part/section/meeting: (51o. :
- Date of meeting or treaty signing: 2019 :
- Location of meeting: Villavicencio)
670 ## - SOURCE DATA FOUND
- Source citation: Work cat.: (OSt)59395: Torneo Internacional del Joropo Miguel Ángel Martín (51o. : 2019 : Villavicencio),, 51 Torneo Internacional del Joropo Miguel Ángel Martín :